书目信息 |
| 题名: |
粮油食品卫生检验
|
|
| 作者: | 窦基龙 编写 ;本书编写组 编 | |
| 分册: | ||
| 出版信息: | 北京 中国财政经济出版社 1993.6 |
|
| 页数: | 257页 | |
| 开本: | 19cm | |
| 丛书名: | ||
| 单 册: | ||
| 中图分类: | TS210.7 | |
| 科图分类: | ||
| 主题词: | 粮食--食品检验--专业学校--教材 , 食用油--食品检验--专业学校--教材 | |
| 电子资源: | ||
| ISBN: | 7-5005-1945-1 | |
| 000 | 00842nam0 2200265 450 | |
| 001 | 0100422068 | |
| 005 | 20020928000000.0 | |
| 010 | @a7-5005-1945-1@dCNY3.50 | |
| 011 | @a7-5005-1945-1 | |
| 100 | @a19930920d1993 em y0chiy0110 ea | |
| 101 | 0 | @achi |
| 102 | @aCN@b110000 | |
| 105 | @ay z 000yy | |
| 106 | @ar | |
| 200 | 1 | @a粮油食品卫生检验@9Liang You Shi;Si Pin Wei Sheng Jian Yan @f窦基龙等编写@g《粮油食品卫生检验》编写组编@b专著 |
| 210 | @a北京@c中国财政经济出版社@d1993.6 | |
| 215 | @a257页@d19cm | |
| 300 | @a中等粮食学校试用教材 | |
| 606 | 0 | @a粮食@x食品检验@x专业学校@x教材 |
| 606 | 0 | @a食用油@x食品检验@x专业学校@x教材 |
| 690 | @aTS210.7@v三版 | |
| 701 | 0 | @a窦基龙@9dou ji long@4编写 |
| 712 | 2 | @a本书编写组@9ben shu bian xie zu@4编 |
| 801 | 0 | @aCN@bAiZhiMarc@c19930920 |
| 905 | @aBZT@dTS210.7@e43@f2@sTS210.7/43 | |
| 粮油食品卫生检验/窦基龙等编写/《粮油食品卫生检验》编写组编.-北京:中国财政经济出版社,1993.6 |
| 257页;19cm |
| 中等粮食学校试用教材 |
| ISBN 7-5005-1945-1:CNY3.50 |
| ● |
| 相关链接 |
|
|
|
正题名:粮油食品卫生检验
索取号:TS210.7/43
 
预约/预借
| 序号 | 登录号 | 条形码 | 馆藏地/架位号 | 状态 | 备注 |
| 1 | 2000151746 | 2000151746 | 旧书回溯/ [索取号:TS210.7/43] | 在馆 | |
| 2 | 2000151747 | 2000151747 | 旧书回溯/ [索取号:TS210.7/43] | 在馆 |